| 000 | 00681nam a22002177a 4500 | ||
|---|---|---|---|
| 003 | OSt | ||
| 005 | 20260126040246.0 | ||
| 008 | 260126b |||||||| |||| 00| 0 eng d | ||
| 020 | _a0-323-00961-1. | ||
| 040 |
_aDWCL-Main lib _cOC |
||
| 082 |
_27th edition _aCirc. 618.2 L912 2000 |
||
| 100 | _aLowdermilk, Deitra L. | ||
| 245 |
_aMaternity and women's health care _cLowdermilk, Deitra L. |
||
| 260 |
_aSt. Louis : _bMosby, Inc., _cc2000. |
||
| 300 |
_axxvi, 1252 pages : _bcolored illustration ; _c28 cm. |
||
| 504 | _aIncludes index. | ||
| 650 | _a1. Childbirth. | ||
| 650 | _a2. Pregnancy. | ||
| 650 | _a3. Women-Health & hygiene. | ||
| 942 |
_2ddc _cBK-CIRC _e7th ed. _kCirc. _n0 |
||
| 999 |
_c7790 _d7790 |
||